[Event "BCF-chT3N 1718 (4NCL)"]
[Site "England"]
[Date "2018.03.17"]
[Round "7.73"]
[White "Sucikova, Katarina"]
[Black "Combie, Alexander"]
[Result "0-1"]
[WhiteElo "1632"]
[BlackElo "1966"]
[PlyCount "108"]
[EventDate "2017.11.11"]
[EventType "team-swiss"]
[EventRounds "11"]
[EventCountry "ENG"]
[SourceTitle "EXT 2020"]
[Source "ChessBase"]
[SourceDate "2019.10.17"]
[SourceVersion "1"]
[SourceVersionDate "2019.10.17"]
[SourceQuality "1"]
[WhiteTeam "Castleford Roses"]
[BlackTeam "Ashfield Breadsall"]
[WhiteTeamCountry "ENG"]
[BlackTeamCountry "ENG"]

1. e4 c5 2. Nf3 d6 3. d4 cxd4 4. Nxd4 Nf6 5. Nc3 a6 6. Be2 e5 7. Nb3 Be7 8. Be3 Be6 9. Nd5 Nbd7 10. Nxe7 Qxe7 11. f3 d5 12. exd5 Nxd5 13. Qd2 Nxe3 14. Qxe3 Bxb3 15. axb3 Qb4+ 16. Kf2 Qc5 17. Bd3 Qc7 18. Rhe1 0-0 19. Bf5 Rfe8 20. Bxd7 Qxd7 21. Ra4 Rad8 22. Re4 Qd2+ 23. Qxd2 Rxd2+ 24. R1e2 Rxe2+ 25. Kxe2 f6 26. f4 Kf7 27. f5 g6 28. Rh4 Kg7 29. g4 b5 30. Rh3 Rc8 31. c3 a5 32. Rd3 a4 33. Rd7+ Kh6 34. Rb7 a3 35. bxa3 Rxc3 36. Rxb5 Rc2+ 37. Kf3 Rxh2 38. a4 gxf5 39. gxf5 Kg5 40. Rb4 Ra2 41. Rb7 h5 42. Ke4 Re2+ 43. Kf3 Re1 44. a5 Ra1 45. Rb5 Kxf5 46. b4 Ra3+ 47. Ke2 h4 48. Rd5 Ke4 49. Rd6 h3 50. Rxf6 h2 51. Rh6 Ra1 52. a6 h1Q 53. Rxh1 Rxh1 54. a7 Ra1 0-1

[Event "BCF-chT2b 1617 (4NCL)"]
[Site "England"]
[Date "2017.01.15"]
[Round "4.68"]
[White "Sucikova, Katarina"]
[Black "Bamber, Elaine"]
[Result "0-1"]
[WhiteElo "1654"]
[BlackElo "2075"]
[PlyCount "68"]
[EventDate "2016.11.19"]
[EventType "team-tourn"]
[EventRounds "11"]
[EventCountry "ENG"]
[SourceTitle "EXT 2019"]
[Source "ChessBase"]
[SourceDate "2018.10.10"]
[SourceVersion "1"]
[SourceVersionDate "2018.10.10"]
[SourceQuality "1"]
[WhiteTeam "White Rose II"]
[BlackTeam "Alba"]
[WhiteTeamCountry "ENG"]
[BlackTeamCountry "SCO"]

1. e4 d5 2. exd5 Qxd5 3. Nc3 Qa5 4. Nf3 Nf6 5. Bc4 Bf5 6. 0-0 e6 7. h3 Nbd7 8. d4 c6 9. Nh4 Bg6 10. Re1 0-0-0 11. Ne2 Qh5 12. Nf3 Be4 13. Ng5 Nb6 14. Bd3 Bxd3 15. Qxd3 Rd7 16. c3 Bd6 17. Nf3 h6 18. Nf4 Qa5 19. Ne5 Bxe5 20. Rxe5 Qxe5 21. dxe5 Rxd3 22. Nxd3 Nfd5 23. f4 Rd8 24. Kf2 Nxc3 25. Nc5 Rd5 26. Nb3 Nca4 27. Ke2 Nc4 28. Rb1 Na3 29. Ra1 Nc2 30. Rb1 Nb4 31. Bd2 Nd3 32. Bc1 c5 33. Be3 Ndxb2 34. Nxc5 Nc3+ 0-1

[Event "London Classic op U1750 8th"]
[Site "London"]
[Date "2016.12.16"]
[Round "5"]
[White "Dhemrait, Manav"]
[Black "Sucikova, Katarina"]
[Result "0-1"]
[WhiteElo "1262"]
[BlackElo "1660"]
[PlyCount "80"]
[EventDate "2016.12.12"]
[EventType "swiss"]
[EventRounds "5"]
[EventCountry "ENG"]
[SourceTitle "EXT 2019"]
[Source "ChessBase"]
[SourceDate "2018.10.10"]
[SourceVersion "1"]
[SourceVersionDate "2018.10.10"]
[SourceQuality "1"]

1. e4 c5 2. Nf3 d6 3. d4 cxd4 4. Nxd4 Nf6 5. Nc3 g6 6. Bb5+ Bd7 7. Bc4 Bg7 8. 0-0 Nc6 9. Nf3 0-0 10. Bg5 Ng4 11. h3 Nge5 12. Qe2 Rc8 13. Rad1 Nxc4 14. Qxc4 Ne5 15. Qe2 Nxf3+ 16. Qxf3 Bxc3 17. bxc3 Be6 18. e5 Qc7 19. exd6 exd6 20. Bh6 Rfe8 21. Qf6 Qxc3 22. Qxc3 Rxc3 23. Rxd6 Rxc2 24. a3 f6 25. Rb1 Rc7 26. Bf4 Rce7 27. Be3 a6 28. Rdb6 Bf5 29. R1b2 Be4 30. R2b4 f5 31. f3 Bc6 32. Bc5 Re5 33. Bd6 Rd5 34. Bf4 Rd3 35. Rb3 Rd1+ 36. Kf2 Kf7 37. R6b4 h5 38. a4 Rde1 39. Bg5 R8e6 40. Re3 Ra1 0-1

[Event "London Classic op U1750 8th"]
[Site "London"]
[Date "2016.12.15"]
[Round "4"]
[White "Howes, David J"]
[Black "Sucikova, Katarina"]
[Result "1-0"]
[WhiteElo "1476"]
[BlackElo "1660"]
[PlyCount "29"]
[EventDate "2016.12.12"]
[EventType "swiss"]
[EventRounds "5"]
[EventCountry "ENG"]
[SourceTitle "EXT 2019"]
[Source "ChessBase"]
[SourceDate "2018.10.10"]
[SourceVersion "1"]
[SourceVersionDate "2018.10.10"]
[SourceQuality "1"]

1. e4 c5 2. Nf3 d6 3. d4 cxd4 4. Nxd4 Nf6 5. Nc3 g6 6. Be2 Bg7 7. 0-0 0-0 8. Be3 Nc6 9. Nxc6 bxc6 10. h3 Qc7 11. Qd2 Bb7 12. Bh6 Rfd8 13. Bxg7 Kxg7 14. Qf4 d5 15. Qxc7 1-0

[Event "London Classic op U1825 8th"]
[Site "London"]
[Date "2016.12.11"]
[Round "5"]
[White "McAleenan, Charles T"]
[Black "Sucikova, Katarina"]
[Result "1/2-1/2"]
[WhiteElo "1798"]
[BlackElo "1660"]
[PlyCount "37"]
[EventDate "2016.12.09"]
[EventType "swiss"]
[EventRounds "5"]
[EventCountry "ENG"]
[SourceTitle "EXT 2019"]
[Source "ChessBase"]
[SourceDate "2018.10.10"]
[SourceVersion "1"]
[SourceVersionDate "2018.10.10"]
[SourceQuality "1"]

1. d4 Nf6 2. Nc3 e6 3. Nf3 Bb4 4. Bd2 b6 5. e3 Bb7 6. Bd3 Be7 7. e4 c5 8. dxc5 Bxc5 9. a3 Nc6 10. b4 Be7 11. Qe2 d5 12. exd5 Nxd5 13. Rd1 Nxc3 14. Bxc3 Bf6 15. Bxf6 Qxf6 16. 0-0 0-0 17. Be4 Rfd8 18. h3 Qb2 19. Qe3 1/2-1/2

[Event "London Classic op U1825 8th"]
[Site "London"]
[Date "2016.12.10"]
[Round "3"]
[White "Barron, Luke J"]
[Black "Sucikova, Katarina"]
[Result "1/2-1/2"]
[WhiteElo "1822"]
[BlackElo "1660"]
[PlyCount "101"]
[EventDate "2016.12.09"]
[EventType "swiss"]
[EventRounds "5"]
[EventCountry "ENG"]
[SourceTitle "EXT 2019"]
[Source "ChessBase"]
[SourceDate "2018.10.10"]
[SourceVersion "1"]
[SourceVersionDate "2018.10.10"]
[SourceQuality "1"]

1. c4 Nf6 2. Nc3 e6 3. e4 d6 4. g3 c5 5. Bg2 Nc6 6. Nge2 Bd7 7. d3 Rc8 8. 0-0 g6 9. Rb1 a6 10. h3 Bg7 11. Be3 Qc7 12. a3 Ne7 13. b4 b6 14. bxc5 dxc5 15. e5 Nfg8 16. f4 f6 17. exf6 Nxf6 18. Ne4 Bc6 19. Ng5 Bd7 20. Qb3 Nf5 21. Bf2 Rb8 22. g4 Nd6 23. d4 0-0 24. dxc5 bxc5 25. Qe3 Nxc4 26. Qxc5 Qxc5 27. Bxc5 Rxb1 28. Rxb1 Rc8 29. Be7 h6 30. Bxf6 Bxf6 31. Ne4 Be7 32. Rb7 Rd8 33. Ra7 a5 34. a4 Kf8 35. N2c3 Bb4 36. Rc7 Nb6 37. Nc5 Ke7 38. N3e4 Nd5 39. Rxd7+ Rxd7 40. Nxd7 Kxd7 41. g5 h5 42. Nf6+ Nxf6 43. gxf6 Ke8 44. Kf2 Kf7 45. Be4 Kxf6 46. Kf3 Bd6 47. Bd3 g5 48. fxg5+ Kxg5 49. Bc4 e5 50. Ke4 h4 51. Bb5 1/2-1/2

[Event "Zilina Region-ch"]
[Site "Zilina"]
[Date "2011.05.08"]
[Round "6"]
[White "Sucikova, Katarina"]
[Black "Paur, Dusan"]
[Result "1/2-1/2"]
[WhiteElo "1673"]
[BlackElo "2013"]
[PlyCount "98"]
[EventDate "2011.05.06"]
[EventType "swiss"]
[EventRounds "7"]
[EventCountry "SVK"]
[SourceTitle "EXT 2012"]
[Source "ChessBase"]
[SourceDate "2011.11.24"]
[SourceVersion "1"]
[SourceVersionDate "2011.11.24"]
[SourceQuality "1"]

1. e4 e5 2. Nf3 Nc6 3. Bc4 Nf6 4. Ng5 d5 5. exd5 b5 6. dxc6 bxc4 7. Nc3 Bc5 8. h3 0-0 9. 0-0 Bf5 10. Nf3 Re8 11. Re1 Qd6 12. Na4 Qxc6 13. Nxc5 Qxc5 14. Nh4 Be4 15. d3 cxd3 16. cxd3 Rad8 17. Be3 Qb4 18. Qb3 Qxb3 19. axb3 Rxd3 20. Rxa7 Rxb3 21. Bg5 Bg6 22. f4 h6 23. Bxf6 gxf6 24. Nxg6 fxg6 25. fxe5 Rxe5 26. Rc1 Re7 27. Rc6 Kg7 28. Rcxc7 Rxc7 29. Rxc7+ Kf8 30. Rc2 Kf7 31. Kf2 g5 32. Ke2 Kg6 33. Kd2 h5 34. Kc1 Rg3 35. b4 g4 36. hxg4 Rxg4 37. b5 Kf5 38. b6 Rg8 39. b7 Rb8 40. Rb2 Ke4 41. Kd2 Kf4 42. Kd3 f5 43. Kd4 Kg3 44. Ke5 f4 45. Kd6 h4 46. Kc7 Rf8 47. b8Q Rxb8 48. Kxb8 f3 49. gxf3 Kxf3 1/2-1/2

[Event "Bratislava MMX op"]
[Site "Bratislava"]
[Date "2010.08.30"]
[Round "4"]
[White "Sucikova, Katarina"]
[Black "Just, Jozef"]
[Result "1/2-1/2"]
[WhiteElo "1624"]
[BlackElo "1804"]
[PlyCount "36"]
[EventDate "2010.08.28"]
[EventType "swiss"]
[EventRounds "9"]
[EventCountry "SVK"]
[SourceTitle "EXT 2011"]
[Source "ChessBase"]
[SourceDate "2010.11.26"]
[SourceVersion "1"]
[SourceVersionDate "2010.11.26"]
[SourceQuality "1"]

1. e4 e6 2. d4 d5 3. exd5 exd5 4. Nf3 Nc6 5. Nc3 Bg4 6. Be2 Nf6 7. 0-0 Be7 8. h3 Bh5 9. Re1 0-0 10. Ne5 Bxe2 11. Rxe2 a6 12. a3 Na5 13. Qe1 Re8 14. Bd2 Nc6 15. Nxc6 bxc6 16. Rb1 Nd7 17. Na4 Nb6 18. Nxb6 cxb6 1/2-1/2

[Event "Bratislava MMX op"]
[Site "Bratislava"]
[Date "2010.08.28"]
[Round "1"]
[White "Sucikova, Katarina"]
[Black "Priam, Stefan"]
[Result "1-0"]
[WhiteElo "1624"]
[BlackElo "1909"]
[PlyCount "89"]
[EventDate "2010.08.28"]
[EventType "swiss"]
[EventRounds "9"]
[EventCountry "SVK"]
[SourceTitle "EXT 2011"]
[Source "ChessBase"]
[SourceDate "2010.11.26"]
[SourceVersion "1"]
[SourceVersionDate "2010.11.26"]
[SourceQuality "1"]

1. e4 c5 2. Nf3 d6 3. d4 cxd4 4. Nxd4 Nf6 5. Nc3 a6 6. Be2 e6 7. 0-0 Be7 8. f4 0-0 9. Bf3 Nbd7 10. Be3 e5 11. Nf5 exf4 12. Nxe7+ Qxe7 13. Bxf4 Ne5 14. Nd5 Nxd5 15. Qxd5 Be6 16. Qd4 Bc4 17. Bxe5 Bxf1 18. Bxd6 Qd7 19. Rxf1 Rfd8 20. Rd1 Rac8 21. c3 Qb5 22. Rd2 h6 23. Qd5 Qb6+ 24. Qd4 Rxd6 25. Qxb6 Rxb6 26. Kf2 Kf8 27. Be2 Ke7 28. c4 a5 29. b3 Rb4 30. Ke3 a4 31. Bd1 g6 32. Rd5 b6 33. Kd3 axb3 34. axb3 Rc5 35. Kc3 Rbb5 36. b4 Rxd5 37. exd5 Rc5 38. bxc5 bxc5 39. h4 f6 40. Kd3 Kd6 41. Ke4 Ke7 42. g3 Kd6 43. h5 g5 44. Kf5 Ke7 45. Kg6 1-0

[Event "Bratislava Doprastav op"]
[Site "Bratislava"]
[Date "2010.07.08"]
[Round "9"]
[White "Jambrich, Jaromir"]
[Black "Sucikova, Katarina"]
[Result "1/2-1/2"]
[WhiteElo "1647"]
[BlackElo "1624"]
[PlyCount "49"]
[EventDate "2010.07.02"]
[EventType "swiss"]
[EventRounds "9"]
[EventCountry "SVK"]
[SourceTitle "EXT 2012"]
[Source "ChessBase"]
[SourceDate "2011.11.24"]
[SourceVersion "1"]
[SourceVersionDate "2011.11.24"]
[SourceQuality "1"]

1. d4 Nf6 2. Bg5 e6 3. c4 b6 4. Nf3 Be7 5. Nc3 Bb7 6. e3 h6 7. Bxf6 Bxf6 8. Be2 d6 9. 0-0 0-0 10. Qc2 c5 11. dxc5 dxc5 12. Rfd1 Qe7 13. Rd2 Nc6 14. a3 Ne5 15. Nxe5 Bxe5 16. f4 Bxc3 17. Qxc3 Rfd8 18. Rad1 Rxd2 19. Qxd2 Bc6 20. Qd6 Qb7 21. g3 Bf3 22. Bxf3 Qxf3 23. Qd2 Qc6 24. Kf2 Kf8 25. Qd6+ 1/2-1/2

[Event "Bratislava Doprastav op"]
[Site "Bratislava"]
[Date "2010.07.04"]
[Round "4"]
[White "Pozsar, Peter"]
[Black "Sucikova, Katarina"]
[Result "1-0"]
[WhiteElo "1862"]
[BlackElo "1624"]
[PlyCount "83"]
[EventDate "2010.07.02"]
[EventType "swiss"]
[EventRounds "9"]
[EventCountry "SVK"]
[SourceTitle "EXT 2012"]
[Source "ChessBase"]
[SourceDate "2011.11.24"]
[SourceVersion "1"]
[SourceVersionDate "2011.11.24"]
[SourceQuality "1"]

1. d4 Nf6 2. Bg5 e6 3. Nf3 Be7 4. c3 b6 5. Nbd2 d5 6. Bxf6 Bxf6 7. e4 dxe4 8. Nxe4 Bb7 9. Qc2 Nd7 10. Bd3 Qe7 11. 0-0 0-0 12. Rad1 g6 13. Rfe1 c5 14. dxc5 Nxc5 15. Nxf6+ Qxf6 16. Re3 Rfd8 17. Nd4 e5 18. Nb3 Nxd3 19. Rdxd3 Rxd3 20. Qxd3 Rd8 21. Qe2 Ba6 22. Qe1 Qd6 23. h3 Qd1 24. Rxe5 Qc2 25. Re8+ Rxe8 26. Qxe8+ Kg7 27. Qe5+ Kg8 28. Qb8+ Kg7 29. Qxa7 Qd1+ 30. Kh2 Qd6+ 31. g3 Be2 32. Qb7 Qf6 33. Qg2 Bf3 34. Qg1 Bd1 35. Nd4 Bf3 36. Qe1 Bc6 37. Qe3 h5 38. f4 Bd5 39. a3 Be6 40. Nxe6+ Qxe6 41. Qxe6 fxe6 42. c4 1-0

[Event "Bratislava Doprastav op"]
[Site "Bratislava"]
[Date "2010.07.03"]
[Round "3"]
[White "Sucikova, Katarina"]
[Black "Kundrak, Vladimir"]
[Result "0-1"]
[WhiteElo "1624"]
[BlackElo "1966"]
[PlyCount "52"]
[EventDate "2010.07.02"]
[EventType "swiss"]
[EventRounds "9"]
[EventCountry "SVK"]
[SourceTitle "EXT 2012"]
[Source "ChessBase"]
[SourceDate "2011.11.24"]
[SourceVersion "1"]
[SourceVersionDate "2011.11.24"]
[SourceQuality "1"]

1. e4 d5 2. exd5 Nf6 3. c4 c6 4. Nc3 cxd5 5. d3 Nc6 6. cxd5 Nxd5 7. Bd2 Bf5 8. Nf3 Ndb4 9. Be3 Nxd3+ 10. Bxd3 Qxd3 11. Qxd3 Bxd3 12. Nd5 0-0-0 13. Nf4 e5 14. Nxd3 Rxd3 15. 0-0 Be7 16. Rac1 Kb8 17. Rfd1 Rhd8 18. Re1 f6 19. a3 f5 20. Kf1 e4 21. Bf4+ Bd6 22. Bxd6+ R8xd6 23. Ng1 Rd2 24. Re2 Ne5 25. Rc5 Rd1+ 26. Re1 Rxe1+ 0-1

[Event "Budapest Weekend U2200 1st"]
[Site "Budapest"]
[Date "2010.05.30"]
[Round "4"]
[White "Hetesi, Zoltan"]
[Black "Sucikova, Katarina"]
[Result "1-0"]
[WhiteElo "1546"]
[BlackElo "1631"]
[PlyCount "89"]
[EventDate "2010.05.29"]
[EventType "swiss"]
[EventRounds "6"]
[EventCountry "HUN"]
[SourceTitle "EXT 2020"]
[Source "ChessBase"]
[SourceDate "2019.10.17"]
[SourceVersion "1"]
[SourceVersionDate "2019.10.17"]
[SourceQuality "1"]

1. e4 c5 2. Nf3 d6 3. c3 Nf6 4. h3 Nc6 5. d4 cxd4 6. cxd4 e6 7. Nc3 Be7 8. d5 Ne5 9. Nxe5 dxe5 10. Bb5+ Bd7 11. dxe6 Bxb5 12. exf7+ Kxf7 13. Qb3+ Kf8 14. Qxb5 Qc7 15. 0-0 Rd8 16. Bg5 h6 17. Bxf6 gxf6 18. Nd5 Qd7 19. Qxd7 Rxd7 20. Rac1 Kf7 21. Rc4 b6 22. Rfc1 Bc5 23. b4 Bd4 24. Rc6 f5 25. Rf6+ Kg7 26. Rxf5 Rf8 27. Rxf8 Kxf8 28. Rc7 Rf7 29. Rxf7+ Kxf7 30. b5 Ke6 31. Kf1 Kd6 32. Ke2 Kc5 33. a4 Kc4 34. f4 exf4 35. Nxf4 Kb4 36. Kd3 Bc5 37. Ne6 Be7 38. g4 Kxa4 39. Kc4 Bf6 40. Nc7 Be5 41. Nd5 Ka5 42. Ne7 Ka4 43. Nc6 Bg7 44. e5 Bh8 45. e6 1-0

[Event "Enschede op-C U14"]
[Site "Enschede"]
[Date "2009.08.07"]
[Round "7"]
[White "Sucikova, Katarina"]
[Black "Van Lit, Mats"]
[Result "1-0"]
[WhiteElo "1562"]
[BlackElo "1682"]
[PlyCount "99"]
[EventDate "2009.08.03"]
[EventType "swiss"]
[EventRounds "7"]
[EventCountry "NED"]
[SourceTitle "CBM 132 Extra"]
[Source "ChessBase"]
[SourceDate "2009.11.03"]
[SourceVersion "1"]
[SourceVersionDate "2009.11.03"]
[SourceQuality "1"]

1. e4 g6 2. d4 d6 3. b3 Bg7 4. Bb2 Nd7 5. Nf3 c5 6. Nc3 a6 7. Bc4 e6 8. a4 Ngf6 9. e5 dxe5 10. dxe5 Ng4 11. Ne4 Bxe5 12. Nxe5 Ngxe5 13. Bxe5 Nxe5 14. Qxd8+ Kxd8 15. 0-0-0+ Ke7 16. Bd3 b6 17. Be2 Bb7 18. f3 Rhd8 19. h4 f5 20. Ng5 h6 21. Nh3 Kf6 22. Nf4 Nc6 23. Bc4 Nd4 24. c3 e5 25. cxd4 exf4 26. dxc5 bxc5 27. Rhe1 Rxd1+ 28. Rxd1 Ke5 29. Re1+ Kd4 30. Re6 Rc8 31. Rxg6 Rc6 32. Rxc6 Bxc6 33. Bxa6 Ke3 34. Bc8 c4 35. a5 Bb5 36. a6 Bxa6 37. Bxa6 cxb3 38. Bc8 h5 39. Bxf5 Kf2 40. Bh3 Ke1 41. Kb2 Kd2 42. Kxb3 Kd3 43. Kb4 Kd4 44. Kb5 Ke3 45. Kc6 Kf2 46. Kd5 Kg3 47. Ke4 Kxh4 48. Kf5 Kg3 49. Kg5 h4 50. Kf5 1-0